Building study (Record no. 77843)

MARC details
000 -LEADER
fixed length control field 00846cab a2200205 4500
001 - CONTROL NUMBER
control field ##L135258
008 - FIXED-LENGTH DATA ELEMENTS--GENERAL INFORMATION
fixed length control field 061009n2006 000 0 eng u
035 ## - SYSTEM CONTROL NUMBER
System control number (Sirsi) u135258
041 0# - LANGUAGE CODE
Language code of text/sound track or separate title eng
100 1# - MAIN ENTRY--PERSONAL NAME
Personal name Powell, Kenneth
245 00 - TITLE STATEMENT
Title Building study
Remainder of title we don't wear grey suits every day - why should we be stuck with grey buildings?
260 ## - PUBLICATION, DISTRIBUTION, ETC.
Date of publication, distribution, etc. 2006
490 #0 - SERIES STATEMENT
Series statement Architects' Journal
Volume/sequential designation 224(12) 5 October 2006, 26-39(14)
520 ## - SUMMARY, ETC.
Summary, etc. Reports on the design and architecture of the medium-rise Palestra building in Southwark, South London. Contains architects' drawings, layout plans, building costs, project credits and working details.
590 ## - LOCAL NOTE (RLIN)
Local note IKA171006
651 #4 - SUBJECT ADDED ENTRY--GEOGRAPHIC NAME
Geographic name SOUTHWARK
651 #4 - SUBJECT ADDED ENTRY--GEOGRAPHIC NAME
Geographic name SOUTH LONDON
690 ## - LOCAL SUBJECT ADDED ENTRY--TOPICAL TERM (OCLC, RLIN)
Topical term or geographic name as entry element BUILT ENVIRONMENT-BUILDING TYPES-ADMINISTRATIVE, COMMERCIAL AND PROTECTIVE SERVICE FACILITIES
942 ## - ADDED ENTRY ELEMENTS (KOHA)
Suppress in OPAC 0
Holdings
Withdrawn status Lost status Source of classification or shelving scheme Damaged status Not for loan Home library Current library Shelving location Date acquired Total Checkouts Full call number Barcode Date last seen Copy number Price effective from Koha item type
    Dewey Decimal Classification     London London Journal article 09/10/2006   L135258 135258-1001 06/08/2019 1 06/08/2019 Journal article